| 000 | 00673nam a2200193 a 4500 | ||
|---|---|---|---|
| 001 | BRCA_1049 | ||
| 005 | 20190320203246.0 | ||
| 008 | 100408s1999----fi-a---###---#000-0#eng-# | ||
| 020 | _a9519823425 | ||
| 050 | 4 |
_aNK8258 _b.F57 1999 |
|
| 245 | 1 | 0 |
_aFiskars 1649 _b350 Years of Finnish Industrial History. |
| 250 | _a2 | ||
| 260 |
_aHelsinki, Finlandia _bFiskars Oyj Abp _c1999 |
||
| 300 |
_a83 p. _bil. a color, fotografías, mapas _c17 cm. |
||
| 500 | _aCatálogo de la exposición realizada en la Clock Tower (Fiskars), 1999 | ||
| 650 | 1 | 4 |
_aHierro _xDiseño industrial _zFinlandia _93461 |
| 651 | 4 |
_aFiskars (Finlandia) _xIndustria de hierro - Historia _93462 |
|
| 942 |
_2lcc _cB |
||
| 999 |
_c928 _d928 |
||